| 000 | 00445 a2200145 4500 | ||
|---|---|---|---|
| 245 |
_aMedieval intrigue _b : decoding royal conspiracies _hprint |
||
| 020 | _a9781441102690 (pbk.) | ||
| 250 | _aPaperback edition. | ||
| 700 | _aMortimer, Ian | ||
| 650 | _aProgramming | ||
| 005 | 20191017174016.0 | ||
| 260 |
_aenk _c2012 |
||
| 084 | _aDA225 .M67 2012 | ||
| 300 |
_axvii, 375 pages : illustration _b 24 cm _cxvii, 375 pages : illustration ; 24 cm |
||
| 500 | _aIan Mortimer. | ||
| 999 |
_c11039 _d11039 |
||